00377nam a2200157Ia 45000010006000000050017000060080041000230410008000640820015000721000035000872450044001222600009001663000028001756500008002036540008002111606220260306170242.0260306t2016||||xx |||||||||||||| ||und|| aESP a346.6bC78 aCorral Talciani, HernáneAUT 0aEstudios sobre contratos y obligaciones c2016 a233 páginas :c24 cm. aGEN aCDE